| 000 | 01274nam a2200373 c 4500 | ||
|---|---|---|---|
| 999 |
_c50029 _d50029 |
||
| 001 | 50029 | ||
| 003 | ES-MaCES | ||
| 005 | 20251115040003.0 | ||
| 008 | 171006s2017 sp | | |||| 000 0 spa | ||
| 017 |
_aAB 352-2017 _bDL |
||
| 020 | _a9788416608850 | ||
| 040 |
_cES-MaCES _aES-MaCES _bspa |
||
| 245 | 0 | 3 |
_aEl futuro del trabajo que queremos _cLaura Mora Cabello de Alba, María Luz Rodríguez Fernández (coords.) |
| 260 |
_aAlbacete _bBomarzo _c[2017] |
||
| 300 |
_a335 p. _c24 cm |
||
| 490 | 1 | _aHistoria y cultura del trabajo | |
| 541 | _cCompra | ||
| 650 | 4 |
_atrabajo _928289 |
|
| 650 | 4 |
_afuturo del trabajo _930756 |
|
| 650 | 4 |
_aseguridad social _927034 |
|
| 650 | 4 |
_aigualdad de oportunidades en el empleo _930649 |
|
| 650 | 4 |
_adesarrollo sostenible _930785 |
|
| 650 | 4 |
_aderecho al trabajo _929351 |
|
| 650 | 4 |
_aeconomía colaborativa _937923 |
|
| 650 | 4 |
_atecnología de la información _930104 |
|
| 650 | 4 |
_aderechos de los trabajadores _929924 |
|
| 650 | 4 |
_anorma internacional del trabajo _930609 |
|
| 653 | 1 | 0 | _aEmpleo |
| 700 | 1 |
_918978 _aMora Cabello de Alba, Laura _ecoord. |
|
| 700 | 1 |
_922337 _aRodríguez Fernández, María Luz _ecoord. |
|
| 830 | 0 |
_935019 _aHistoria y cultura del trabajo |
|
| 902 | _aLIB Libro | ||
| 942 |
_2CES _cBK _h2.1. |
||